| 000 | 01153cam a22002174a 4500 | ||
|---|---|---|---|
| 005 | 20250605164151.0 | ||
| 008 | 250528s ||||||||||||||||||||||||d | ||
| 035 | _a19381 | ||
| 020 | _a9602863846 | ||
| 040 |
_aGR-AtMCL _bgre _dGR-AtMCL _eAACR2 |
||
| 245 | 1 | _aΔΙΟΙΚΗΣΗ ΠΡΟΣΩΠΙΚΟΥ | |
| 250 | _a1 | ||
| 260 |
_bΈλλην, _c1999 |
||
| 300 | _a227 | ||
| 505 | 0 | _aΑΝΘΡΩΠΟΣ ΚΑΙ ΕΠΙΧΕΙΡΗΣΗ ΔΙΟΙΚΗΣΗ ΕΠΙΧΕΙΡΗΣΕΩΝ ΣΥΓΧΡΟΝΗ ΑΝΑΠΤΥΞΗ ΤΗΣ ΕΠΙΧΕΙΡΗΣΗΣ ΣΥΓΧΡΟΝΗ ΟΡΓΑΝΩΣΗ ΤΗΣ ΕΠΙΧΕΙΡΗΣΗΣ ΟΡΓΑΝΩΣΗ ΕΡΓΑΣΙΑΣ ΔΙΟΙΚΗΣΗ ΠΡΟΣΩΠΙΚΟΥ ΕΠΟΠΤΕΙΑ ΚΑΙ ΕΛΕΓΧΟΣ | |
| 520 | _aΑΝΘΡΩΠΟΣ ΚΑΙ ΕΠΙΧΕΙΡΗΣΗ ΔΙΟΙΚΗΣΗ ΕΠΙΧΕΙΡΗΣΕΩΝ ΣΥΓΧΡΟΝΗ ΑΝΑΠΤΥΞΗ ΤΗΣ ΕΠΙΧΕΙΡΗΣΗΣ ΣΥΓΧΡΟΝΗ ΟΡΓΑΝΩΣΗ ΤΗΣ ΕΠΙΧΕΙΡΗΣΗΣ ΟΡΓΑΝΩΣΗ ΕΡΓΑΣΙΑΣ ΔΙΟΙΚΗΣΗ ΠΡΟΣΩΠΙΚΟΥ ΕΠΟΠΤΕΙΑ ΚΑΙ ΕΛΕΓΧΟΣ | ||
| 700 | 1 |
_aΔημου Νικος _95630 |
|
| 942 | _cBK | ||
| 999 |
_c4637 _d4637 |
||